| 000 | 01066nam a2200277 i 4500 | ||
|---|---|---|---|
| 001 | 197076 | ||
| 003 | ES-MaACL | ||
| 005 | 20250820063100.0 | ||
| 008 | 250326b1998 sp ||||| |||| 00| 0 spa d | ||
| 017 |
_aM 37644-1998 _bOficina Depósito Legal Madrid |
||
| 020 | _a8483061422 | ||
| 040 |
_bspa _cES-MaACL |
||
| 245 |
_aBricomania 5 : _bEl placer de construir uno mismo con los 23 últimos temas y briconsejos. |
||
| 250 | _aPrimera edición: octubre 1999 | ||
| 300 |
_a171 páginas : _bilustrado a color ; _c26 cm . |
||
| 336 |
_2rdacontent _atexto |
||
| 337 |
_2rdamedia _asin mediación |
||
| 338 |
_2rdacarrier _avolumen |
||
| 650 | 1 | 7 |
_2embne _910616 _aBricolaje |
| 852 |
_aES-MaACL _cDEPOJ _jN-10463 _hDonación: José Lázaro García _xEncuadernación rústica con solapas _9206585 |
||
| 903 |
_9234219 _aLázaro García, José _ednr |
||
| 942 |
_cMONOGRAFIA _n0 |
||
| 999 |
_c197076 _d197076 |
||